000 00942nam a22002897a 4500
001 BR0102140
003 BR-BrBNA
005 20230928100848.0
007 ta
008 230509b bl.||||| |||| 00| 0 por d
040 _aBR-BrBNA
_bpor
_cBiblioteca Nacional de Agricultura
041 _a(Por)
072 _aL53
_b5213
090 _ 5213 BR0102140
100 1 _aMalard, P.F.
110 1 _aUniversidade Federal de Minas Gerais, Belo Horizonte (Brasil). Escola de Veterinaria
_0Tese (Mestrado)
245 1 _aColeta, maturacao, fecundacao e cultivo in vitro de ovocitos de bezerras da raca nelore de 2 a 3 meses de idade
260 3 _aBelo Horizonte, MG (Brasil):
_c2000.
300 _a47 p.
500 _aSummaries (Eng, Por); Biblioghraphy p. 44-47; 18 illus.
650 _aGado Nelore
650 _aReproducao Animal
650 _aBezerro
650 _aCultura in Vitro
909 _a202309
_bLucia
_c55
_dLucia Elande
942 _cBK
999 _c63149
_d63149